000 00216nam a22000857a 4500
008 170128b xxu||||| |||| 00| 0 eng d
100 _92616
_aSarna.C.S.etal.
245 _aSee Mathematics-IX
260 _aNew Delhi
_bAPC
_c2011
999 _c5752
_d5752